Statystyki dla 9. A place of learning

Kliknij tutaj aby rozwiązać quiz!

Ogólne statystyki

  • Ten quiz został rozwiązany 13 razy
  • Średni wynik to 8 z 130

Statystyki odpowiedzi

HintOdpowiedź% Poprawnych
(UK) szkoła podstawowaprimary school
75%
osiągać / osiągalny / osiągnięcie / człowiek sukcesuachieve / achievable / achievement / achiever
50%
nielegalnyillegal
50%
płacić czesnepay tuition
50%
(US) przedszkolepreschool
50%
żłobekcreche
25%
zarabiać na życieearn a living
25%
szkoła podstawowa (US)elementary school
25%
rozważać różne możliwościexplore your options
25%
dostać się (do szkoły)get into (a school)
25%
niedojrzałyimmature
25%
wpisywać na klawiaturzekey in
25%
przedszkolekindergarten
25%
uczyć się na pamięćlearn by heart
25%
studiować jakiś kierunekmajor in a subject
25%
popełniać błędymake mistakes
25%
chodzić na wagaryplay truant
25%
zgłosić się, podnieść rękęraise your hand
25%
nauka / naukowy / naukowiecscience / scientific / scientist
25%
gimnazjum, szkoła średniasecondary school
25%
(UK) szkoła średnia dla uczniów zamierzających zdawać egzaminy A levelssixth form college
25%
ulubieniec nauczycielateacher's pet
25%
praca zespołowateamwork
25%
system edukacjithe education system
25%
klucz do sukcesuthe key to succes
25%
szkoła zawodowavocational school
25%
ciężko pracowaćwork hard
25%
zdolny / umożliwiać / zdolność / umiejętnieable / enable / ability / ably
0%
egzaminy kończące naukę w szkole średniej w brytyjskim systemie edukacjiA-level exams / A-levels
0%
kryteria ocenyassesment criteria
0%
praca domowaassignment
0%
szkoła z internatemboarding school
0%
rozwijać swoje kompetencjeboost your abilities
0%
bryza / łatwiznabreeze
0%
szeroki / poszerzać / szerokośćbroad / broaden / breadth
0%
postawa obywatelskacivic literacy
0%
jasny / wyjaśniać / wyjaśnienieclear / clarify / clarification
0%
komunikacjacommunication
0%
(UK) szkoła średnia kształcąca osoby dorosłe, (US) dwuletnia szkoła przygotowująca do studiówcommunity college
0%
sposób postępowaniacourse of action
0%
kreatywnośćcreativity
0%
krytyczne myśleniecritical thinking
0%
krytyk/krytyka/krytykować/krytycznycritic / criticism / criticise / critical
0%
istotny, decydującycrucial
0%
świadomość kulturowacultural awareness
0%
ograniczać coścut back on sth
0%
demotywować, zniechęcaćdemotivate
0%
wykolejać sięderail
0%
nie pochwalać czegośdisapprove
0%
zniechęcaćdiscourage
0%
różnorodnydiverse
0%
odbywać praktyki zawodowedo on-the-job-training
0%
obcować z przyrodąengage with nature
0%
ciekawy, zajmującyengaging
0%
zapisać się na kursenrol in a course
0%
niezbędny, podstawowyessential
0%
oceniać / zbierać / udostępniać informacjeevaluate / collect / share information
0%
mieć w czymś zaległościfall behind with sth
0%
znaleźć pracę w swojej dziedziniefind a job in the field
0%
pójść w czyjeś śladyfollow in sb's footsteps
0%
tworzyć jasny obraz czegośform a clear picture of sth
0%
podstawowyfundamental
0%
odbywać praktykę zawodowąget an apprenticeship
0%
dostać pozwolenieget a pass
0%
zdobywać kwalifikacjeget a qualification
0%
mieć opóźnienieget behind schedule
0%
skończyć studiaget your degree
0%
rezygnować z czegośgive up on sth
0%
iść na studia magisterskiego for a master's degree
0%
zająć się dziennikarstwemgo into journalism
0%
cudowny, zachwycającygorgeous
0%
harówka, wkuwaniegrind
0%
charakter, odwagagrit
0%
wytrzymałe płótnoheavy-duty canvas
0%
(US) liceum, szkoła średniahigh school
0%
udoskonalać swoje umiejętnościhone your skills
0%
znajomość obsługi komputeraICT / digital literacy
0%
nielogicznyillogical
0%
bezstronny, obiektywnyimpartial
0%
inicjatywainitiative
0%
interakcjainteraction
0%
międzynarodowyinternational
0%
nieregularnyirregular
0%
nieodpowiedzialnyirresponsible
0%
być na bieżąco z czymśkeep up with sth
0%
kluczowe kompetencjekey competences
0%
wiedzieć / wiedza / obeznany, mądryknow / knowledge / knowledgeable
0%
certyfikat językowylanguage certificate
0%
przywództwoleadership
0%
możliwy do opanowanialearnable
0%
spełniać (np. czyjeś oczekiwania)live up to sth
0%
wziąć na siebie zobowiązaniemake a commitment
0%
oceniać wypracowaniamark essays
0%
upamiętniać okazjęmark the occasion
0%
opanować / nabywać / demonstrować / udoskonalać umiejętnośćmaster / acquire / demonstrate /improve a skill
0%
opanować językmaster a language
0%
mistrz w czymśmaster at sth
0%
wprowadzać w błądmisinform
0%
opacznie zrozumiećmisunderstand
0%
nieprzerwanienon-stop
0%
przejadać sięovereat
0%
przepracowanyoverworked
0%
przekazywać informacjepass on information
0%
zdać (egzamin) celującopass with flying colours
0%
zdać z bardzo dobrym wynikiempass with high marks
0%
wytrwałość, upórpersistence
0%
planowanie edukacjiplanning your education
0%
robić doktorat / ubiegać się o wyższy stopień naukowypursue a doctorate / pursue a PhD / pursue a an advanced degree
0%
zapewniać (kogoś o czymś)reassure
0%
uzyskać tytuł licencjata / magistrareceive a Bachelor's degree / receive a Master's degree
0%
mieć coś komuś za złe, żywić urazęresent
0%
powtarzać egzaminretake
0%
zdać śpiewająco (egzamin)sail through sth
0%
przystępować do egzaminusit your exams
0%
wzbudzać zainteresowaniespark your interest
0%
wyróżniać się spośródstand out from sb
0%
znaczący, pokaźnysubstantial
0%
zakuwaćswot
0%
chodzić na kurs czegośtake a course in sth
0%
wybierać jakąś drogętake a path
0%
brać kredyt studenckitake out a student loan
0%
umiejętności XXI wiekuthe 21st-century skills
0%
(US) egzaminy kończące naukę w szkole średniej w amerykańskim systemie edukacji(the) SAT
0%
wysoka ocenatop mark
0%
posiłek dwudaniowytwo-course meal
0%
słabo rozwiniętyunderdeveloped
0%
źle opłacanyunderpaid
0%
rozluźniać się, odprężaćunwind
0%
dostać stypendiumwin a scholarship / win a grant
0%
rodziny wyrazówword families
0%

Rozkład punktacji

Percentyl według liczby udzielonych odpowiedzi

Procent ludzi z każdym wynikiem

Twoja historia wyników

Nie rozwiązałeś tego quizu